Countries that Border Democratic Republic of Congo - Statistics

General Stats
  • This quiz has been taken 18 times
  • The average score is 8 of 9
Answer Stats
Border Length Country % Correct
1,747 km Central African Republic
94%
1,229 km Republic of Congo
94%
221 km Rwanda
94%
479 km Tanzania
94%
877 km Uganda
94%
2,646 km Angola
89%
236 km Burundi
89%
2,332 km Zambia
89%
714 km South Sudan
83%
No matching quizzes found
Score Distribution
Percent of People with Each Score
Percentile by Number Answered
Your Score History
You have not taken this quiz